000 00915nam a2200229 a 4500
001 000025907
005 20200930024137.0
008 110224s1985 dr 000 0 spa d
040 _aDO-SdBNP
_bspa
_cBNPHU
082 _a980.02
_bM244b
100 1 _aMaldonado-Denis, Manuel,
_d1933-
_942569
245 1 0 _aBolivar :
_bvigencia de su pensamiento en América /
_cManuel Maldonado-Denis.
260 _aSanto Domingo :
_bMuseo del Hombre Dominicano,
_c[1985?].
300 _a51 p. ;
_c23 cm.
500 _aIncluye datos biográficos del autor en la contraportada
504 _aIncluye referencias bibliográficas y notas al pie de las páginas.
650 4 _aBolivar, simón,
_d1783-1830
_xInfluencia
_952766
650 4 _aBolivar, simón,
_d1783-1830
_xCrítica e interpretación
_952767
650 4 _aMartí, josé,
_d1853-1895.
_952768
650 4 _aRegión caribe
_xPolítica y gobierno
_y1945-
_952769
049 _aBNPD
999 _c25399
_d25399